000 00593nam a2200205Ia 4500
005 20250923145705.0
008 008 250917s9999 xx 000 0 eng d
037 _aTextual
040 _aDSWL
_beng
_cDSWL
041 _aeng
_2eng
084 _az46, N84
_qDSWL
100 _aRothschild, J.
_9837978
245 0 _aForbidden agendas : Intolerance and defiance in the middle east
_c by J.Rothschild
260 _aLondon
_bAl Saqi Books
_c1984
300 _a400 p.
365 _aINR
_b126.75
925 _g126.75
942 _cTEXL
_hz46, N84
999 _c1454396
_d1454396